000 00867nmm a2200289 a 4500
001 ocm0001132610
003 TR-IsHL
005 20201028152257.0
008 150709s2015 tu tur
007 cr cn
020 _a9786054812592
035 _a1132610
_b(N$T)
050 0 4 _aBP161.2
_b.Ö94 2015
090 0 4 _aBP161.2
_b.Ö94 2015
100 1 _aÖzdemir, Ferudun
245 1 0 _aBu da geçer ya Hü!
_h[electronic resource] /
_cFerudun Özdemir
260 _aİstanbul :
_bAZ Kitap,
_c2015
300 _a321 p.
650 4 _aFelsefe, Psikoloji ve Din
650 4 _aPhilosophy, Psychology and Religion
650 0 _aIslam
650 0 _aSufism
650 0 _aİslam
650 0 _aTasavvuf
650 7 _aRELIGION / Islam / General
_2bisacsh
856 4 0 _uhttp://search.ebscohost.com/login.aspx?direct=true&scope=site&db=e011xww&AN=1132610
999 _c11445
_d11445